000
00258nam a2200085Ia 4500
245
0
_a
150 years of South African rugby
100
_a
Van der Berg, Wim Johannesburg, South Africa, 2011
_9
86281
942
_c
BK
008
210817s9999 xx 000 0 und d
999
_c
328635
_d
328634